| 000 | 00841nam a2200265 i 4500 | ||
|---|---|---|---|
| 001 | 17381 | ||
| 003 | BD-RjUL | ||
| 005 | 20211209000129.0 | ||
| 008 | 140216s1979 ja a b 001 0 eng | ||
| 020 | _a0870113402 : | ||
| 035 | _a(BD-RjUL)17439 | ||
| 040 |
_aDLC _cDLC _dDLC _dBD-RjUL _beng |
||
| 041 | _aeng | ||
| 082 | 0 | 0 |
_a751.770954 _bBRW 1979 _219 |
| 100 | 2 |
_aBrij Bhushan, Jamila. _953562 |
|
| 245 | 1 | 4 |
_aThe world of Indian miniatures / _cJamila Brijbhushan. |
| 250 | _a1st ed. | ||
| 260 |
_aTokyo : _bKodansha International ; _aNew York : _bdistributed in the United States through Harper & Row, _c1979. |
||
| 300 |
_a205 p. : _bill. (some col.) ; _c27 cm. |
||
| 504 | _aBibliography: p. 193-197. and index. | ||
| 650 | 0 |
_aMiniature painting, Indic. _953563 |
|
| 942 |
_2ddc _cBK |
||
| 999 |
_c17381 _d17381 |
||